000 00614nam a2200205Ia 4500
005 20230804085854.0
008 131103s9999 xx 000 0 und d
020 _a0195022041 (pbk)
040 _aLoreto College
041 _aEnglish
082 _a901
_bMCI
245 _aGod,history and historians
_b an anthology of modern christian views of history
_cedited by C.T.McIntire
260 _aNew York
_bOxford University Press
_c1977
300 _a[7],477 p.
504 _aIncludes bibliographical references and index
650 _aHistory
700 _aMcIntire,C.T.,ed.
850 _aLCLIB
942 _cBK
999 _c8537
_d59016